| 000 | 00449nam a22001817a 4500 | ||
|---|---|---|---|
| 999 |
_c160365 _d160365 |
||
| 005 | 20190128122409.0 | ||
| 010 | _aB-129658 | ||
| 020 |
_a8129501279 _c170.00 |
||
| 035 | _aB-129658 | ||
| 037 | _bDey's Publishing | ||
| 082 | _aS | ||
| 100 | _aGharai, Anil | ||
| 245 |
_aStories of the downtrodden / _cAnil Gharai |
||
| 260 |
_aKolkata _bDey's Publishing |
||
| 300 |
_a168p. _c22cm(hbk) |
||
| 700 | _aSen, Anuradha | ||
| 942 |
_2ddc _cEN _hS _mGHA |
||